000 00291nam a22001337a 4500
008 171124b xxu||||| |||| 00| 0 eng d
020 _a9780072401882
041 _aeng
080 _24th
_a32
100 _a19
101 _aPOL
245 _aWE THE PEOPLE
_cPATTERSON,TH,E
942 _2udc
_cBK
999 _c38485
_d38485